|
|
|
|
| LEADER |
01064nam a2200253 a 4500 |
| 001 |
6400 |
| 008 |
130724s1993 bg a bf 000 0 eng d |
| 010 |
|
|
|a 93046825
|
| 020 |
|
|
|a 0915173298
|
| 040 |
|
|
|a DLC
|c DLC
|d DLC
|d BD-DhAAL
|
| 082 |
0 |
0 |
|a 635/.0954
|2 20
|
| 245 |
0 |
0 |
|a Home gardening in South Asia :
|b the complete handbook /
|c Aminuzzaman Talukder ... [et al.].
|
| 260 |
|
|
|a Dhaka, Bangladesh ;
|a New York :
|b H. Keller International,
|c c1993.
|
| 300 |
|
|
|a ix, 109 p. :
|b ill. ;
|c 28 cm.
|
| 504 |
|
|
|a Includes bibliographical references (p. 107).
|
| 541 |
|
|
|e 6400
|
| 650 |
|
0 |
|a Vegetable gardening
|z Bangladesh
|x Miscellanea.
|
| 650 |
|
0 |
|a Fruit-culture
|z Bangladesh
|x Miscellanea.
|
| 650 |
|
0 |
|a Vegetable gardening
|z South Asia
|x Miscellanea.
|
| 650 |
|
0 |
|a Fruit-culture
|z South Asia
|x Miscellanea.
|
| 700 |
1 |
|
|a Talukder, Aminuzzaman,
|d 1960-
|
| 852 |
1 |
|
|a Ayesha Abed Library
|j General shelf.
|
| 999 |
|
|
|c 13726
|d 13726
|
| 952 |
|
|
|0 0
|1 0
|4 0
|6 635_095400000000000_HOM
|7 0
|9 22971
|a BRACUL
|b BRACUL
|c GEN
|d 2013-07-27
|l 1
|o 635.0954 HOM
|p 3010006400
|r 2014-11-09
|s 2014-11-01
|t 1
|w 2013-07-27
|y BK
|